Sports Quiz

Random Sports or Hockey Quiz

NHL 1977-78 Montreal Canadiens by Hockey Card Quiz Stats

 Plays Quiz not verified by Sporcle

Challenge
Share
Tweet
Score 0/20 Timer 05:00
0 Plays Today
% Correct
Larry Robinson
100%
Guy Lafleur
96.7%
Ken Dryden
94.5%
Serge Savard
93.4%
Steve Shutt
92.3%
Bob Gainey
91.2%
Yvan Cournoyer
89%
Guy Lapointe
89%
Jacques Lemaire
86.8%
Peter Mahovlich
81.3%
% Correct
Mario Tremblay
72.5%
Michel Larocque
64.8%
Rejean Houle
63.7%
Doug Jarvis
61.5%
Yvon Lambert
59.3%
Pierre Bouchard
56%
Doug Risebrough
53.8%
Rick Chartraw
39.6%
Murray Wilson
38.5%
Bill Nyrop
37.4%

You're not logged in!

Compare scores with friends on all Sporcle quizzes.
Join for Free
OR
Log In

You Might Also Like...

Show Comments

Extras

Top Quizzes Today


Score Distribution

Your Account Isn't Verified!

In order to create a playlist on Sporcle, you need to verify the email address you used during registration. Go to your Sporcle Settings to finish the process.

Report this User

Report this user for behavior that violates our Community Guidelines.

Details: